[Event "19th Bangkok Open 2019"]
[Site "Bangkok"]
[Date "2019.04.09"]
[Round "4.9"]
[White "Arpita, Mukherjee"]
[Black "Lalith Babu M R"]
[Result "0-1"]
[WhiteElo "2197"]
[BlackElo "2577"]
[Annotator "TA"]
[PlyCount "130"]
[EventDate "2019.04.06"]
[EventType "swiss"]
[EventCountry "THA"]
[SourceTitle "playchess.com"]
[Source "ChessBase"]
[SourceQuality "1"]

{[%evp 11,130,23,35,10,33,50,47,22,39,14,17,13,23,15,33,-16,-19,-19,-21,-73,-7,-29,0,-37,-37,-66,0,0,0,17,12,12,18,-6,18,20,39,-21,0,0,0,0,18,25,77,0,100,93,152,66,63,67,57,0,0,-34,138,0,0,0,0,0,0,-6,0,0,0,-8,0,0,0,0,0,-8,-8,-8,-8,-8,-8,-144,-8,-8,-8,-8,-8,-8,-8,-8,-8,-8,-8,-49,-49,-85,-85,-85,-85,-85,-85,-29975,-29976,-29976,-29975,-29978,-29976,-29976,-29977,-29977,-29969,-29968,-29968,-29966,-29969,-29969,-29970,-29962,-29969,-29969,-11933,-29982,-29981]} 1. e4 c6 2. d4 d5 3. e5 Bf5 4. Nf3 e6 5. Be2 Nd7 6. O-O Ne7 7. a4 {B12: Caro-Kann: Advance Variation} (7. Nbd2 c5 8. dxc5 Nc6 9. Nb3 Bxc5 10. Nxc5 Nxc5 11. Nd4 Bg6 12. Nxc6 bxc6 13. Be3 Nd7 14. f4 c5 15. c4 d4 {0-1 (38) Vachier Lagrave,M (2789)-Mamedyarov,S (2808) Stavanger 2018}) 7... h6 8. a5 a6 9. Be3 {White is slightly better.} Bh7 10. b4 $146 ({Predecessor:} 10. c4 dxc4 11. Nbd2 Nd5 12. Nxc4 Be7 13. Bd3 Bxd3 14. Qxd3 O-O {1-0 (39) Mekhitarian,K (2544)-Zalkind,K (2211) Golden Sands 2013}) 10... Nf5 11. Bd2 g5 12. h3 Bg7 13. c3 f6 14. exf6 Qxf6 15. Re1 (15. Na3 $11) 15... Nd6 (15... O-O $17) 16. Ne5 O-O-O 17. Bg4 Bf5 18. Qe2 Ne4 (18... Bxg4 $1 $15 19. Nxg4 Qf8) 19. f3 $1 $11 {[%cal Rf3e4]} Nxd2 20. Nxd2 {Threatening Nxc6.} Nxe5 21. dxe5 Qf7 22. Nb3 h5 23. Bxf5 exf5 24. e6 (24. Rad1 $14) 24... Qe7 25. Qd3 g4 26. f4 gxh3 27. Qxh3 Rhf8 (27... d4 $11) 28. Nc5 (28. Rad1 $16) 28... Rd6 (28... Rg8 $1 $11) 29. Rad1 $16 d4 (29... Bf6 $142) 30. Nd7 ({Resist} 30. Qxh5 $6 d3 $16) (30. Qd3 $16) 30... Re8 $14 31. Qxf5 Kc7 $1 32. Nc5 ({Of course not} 32. Qxh5 Rxe6 33. Rxe6 Qxe6 $15) ({White should try} 32. c4 $14) 32... dxc3 $11 33. Qe4 c2 $2 (33... Red8 $15 {stays ahead.} 34. Rxd6 Rxd6) 34. Rxd6 (34. Qxc2 $16 {And now f5 would win.} Bd4+ 35. Rxd4 Rxd4 36. f5) 34... Qxd6 35. Qxc2 {Re4 is the strong threat.} Qxf4 {( -> ...Bd4+)} 36. Qe4 Bd4+ 37. Kh1 $132 {[%mdl 2048] White threatens Qh7+ and mate. White has counterplay} Qg4 38. Qh7+ Bg7 39. Qe4 Re7 40. Qxg4 hxg4 {[%mdl 4096] Endgame KRB-KRN} 41. Re4 g3 42. Rf4 Be5 43. Rf7 Bd6 {With the idea ...b6.} 44. Kg1 b6 45. Ne4 ({Not} 45. Nxa6+ $2 Kb7 $19) (45. Rxe7+ $11 Bxe7 46. axb6+ Kxb6 47. Nd3) 45... Bxb4 ({Better is} 45... b5 $1 $17 46. Nc5 Bxc5+ 47. bxc5 Kd8) 46. axb6+ Kxb6 47. Rxe7 $1 Bxe7 $17 {KB-KN} 48. Kf1 Kc7 49. Ke2 $1 Bb4 50. Kd3 Be1 {White should prevent ...Bf2.} 51. Kc4 Bf2 52. Kb4 Kd8 53. Ka5 Ke7 54. Ng5 c5 $1 {aiming for ...Be1+.} 55. Kxa6 $2 {[%mdl 8192]} (55. Ka4 $17) 55... c4 56. Ne4 Kxe6 57. Nc3 Ke5 $1 58. Kb5 Kd4 59. Ne2+ Kd3 60. Nf4+ Kc3 $1 {[%cal Rc3b3]} 61. Ne2+ Kb3 $1 62. Nc1+ {[#]} Kc2 $1 {[%cal Rc2c1]} 63. Na2 Kd3 64. Nb4+ {[#]} Ke2 $1 {[%cal Re2f1]} 65. Nd5 Kf1 {Accuracy: White = 39%, Black = 48%.} 0-1

[Event "19th Bangkok Open 2019"]
[Site "Bangkok"]
[Date "2019.04.09"]
[Round "4.10"]
[White "Saptorshi Gupta"]
[Black "Horvath, Jozsef"]
[Result "1/2-1/2"]
[WhiteElo "2051"]
[BlackElo "2479"]
[Annotator "TA"]
[PlyCount "57"]
[EventDate "2019.04.06"]
[EventType "swiss"]
[EventCountry "THA"]
[SourceTitle "playchess.com"]
[Source "ChessBase"]
[SourceQuality "1"]

{[%evp 16,57,22,12,16,16,22,25,18,18,41,49,49,39,47,39,65,37,62,35,31,8,15,4,6,0,27,-12,50,58,57,8,25,14,75,10,16,12,56,57,53,52,54,36]} 1. e4 c6 2. d4 d5 3. exd5 cxd5 4. c4 Nf6 5. Nc3 e6 6. c5 Be7 7. Nf3 O-O 8. Qc2 {B14: Caro-Kann: Panov-Botvinnik Attack with 5...e6 and 5...g6} (8. Bf4 Nc6 9. Bb5 Bd7 10. O-O Ne4 11. Rc1 a6 12. Bxc6 Bxc6 13. Ne5 Be8 14. Re1 Nxc3 15. Rxc3 f6 16. Nd3 Bf7 17. h3 Qd7 18. Rb3 Rfe8 19. Bg3 {1-0 (52) Zhigalko,A (2545)-Mchedlishvili,M (2610) St Petersburg 2018}) 8... Nc6 9. Bb5 {LiveBook: 3 Games} Bd7 10. O-O {The position is equal.} b6 $146 ({Predecessor:} 10... a6 11. Bxc6 Bxc6 12. b4 b6 13. Ne5 Qc7 14. a4 Nd7 15. Nxc6 Qxc6 {1-0 (32) Skorchenko,D (2491)-Khankhalaev,E (1008) Gelendzhik 2017}) 11. Bxc6 Bxc6 12. b4 bxc5 13. bxc5 Nd7 14. Bf4 Re8 15. Rfe1 Bf8 16. Rab1 Qa5 17. h4 (17. Qd2 {keeps more tension.} Qa6 18. a4 Qa5 19. h3 a6 20. Re2) 17... f6 18. Qb3 Kh8 19. Nb5 e5 $1 20. Bd2 Qd8 {[#] White must now prevent ...Rb8.} 21. dxe5 Bxb5 (21... Rb8 $11 22. a4 Nxe5) 22. Qxb5 $14 {Strongly threatening Ba5.} Rb8 23. Qc6 {aiming for Rxb8.} Rc8 24. Qxd5 {[#] And now c6 would win.} Rxc5 (24... Nxe5 $1 $11 {remains equal.} 25. Qxd8 Nxf3+ 26. gxf3 Rexd8) 25. Qd3 (25. Qb7 $16) 25... Nxe5 $11 26. Nxe5 fxe5 27. Qxd8 {White is slightly better.} Rxd8 28. Be3 Rc2 29. Bxa7 {Accuracy: White = 46%, Black = 37%.} 1/2-1/2

[Event "19th Bangkok Open 2019"]
[Site "Bangkok"]
[Date "2019.04.09"]
[Round "4.11"]
[White "Looi, Xin Hao"]
[Black "Barua, Dibyendu"]
[Result "0-1"]
[WhiteElo "2145"]
[BlackElo "2409"]
[Annotator "TA"]
[PlyCount "102"]
[EventDate "2019.04.06"]
[EventType "swiss"]
[EventCountry "THA"]
[SourceTitle "playchess.com"]
[Source "ChessBase"]
[SourceQuality "1"]

{[%evp 9,102,-16,-3,-34,-29,-24,-24,-24,-24,-23,-21,-26,-21,-31,-25,-35,-27,-45,-43,-58,-36,-62,-21,-35,-30,-87,-96,-124,-111,-116,-124,-123,-135,-167,-160,-153,-152,-179,-187,-212,-204,-212,-195,-195,-193,-235,-229,-231,-190,-242,-234,-257,-253,-237,-237,-279,-260,-341,-348,-514,-510,-510,-468,-521,-353,-370,-351,-346,-360,-352,-339,-345,-215,-350,-378,-792,-719,-719,-686,-879,-879,-891,-325,-331,-310,-331,-315,-371,-312,-318,-289,-289,-289,-281,-262]} 1. d4 d5 2. e3 Nf6 3. c3 c6 (3... g6 4. Be2 Bg7 5. f4 Ne4 6. Nd2 Nd6 7. Ngf3 Nd7 8. Ne5 Nf6 9. c4 c6 10. cxd5 cxd5 11. Qa4+ {0-1 (41) Maris,I (2351)-Warmerdam,M (2433) Groningen 2018}) 4. Bd3 g6 5. Ne2 Bf5 6. Ng3 {D00: 1 d4 d5: Unusual lines} Bxd3 7. Qxd3 Bg7 8. Nd2 {Black has an edge.} O-O 9. O-O $146 ({Predecessor:} 9. b3 Nbd7 10. f4 a5 11. O-O a4 {½-½ (20) Lanin,V (1765)-Glazkov,L (1948) Novosibirsk 2010}) 9... Nbd7 10. f4 c5 11. Nf3 e6 12. Ne5 Qb6 $36 {[%mdl 2048] Black is pushing.} 13. a4 a6 14. h3 Rfd8 15. Kh2 Ne8 16. a5 Qc7 17. Nf3 (17. Nxd7 $11 c4 18. Qe2 Rxd7 19. e4) 17... Nd6 $17 18. b3 Rac8 19. Bd2 c4 20. bxc4 Nxc4 21. Be1 Nf6 22. Nd2 Nxa5 23. e4 dxe4 24. Ndxe4 Nc4 25. Nxf6+ Bxf6 26. Ne4 Be7 27. Bg3 Qc6 28. Rfb1 Rd7 29. Rb3 (29. Be1 {was called for.}) 29... a5 $19 30. Qe2 b5 31. Rbb1 a4 32. Re1 Rd5 33. Qf2 Nd6 34. Nc5 (34. Nxd6 $142 Bxd6 35. Re3) 34... Nf5 35. Nd3 Qc4 36. Qf3 Nxg3 37. Kxg3 Rc7 38. Rec1 a3 39. Ne5 Qb3 40. Rab1 Qa2 {White must now prevent ...Qd2.} 41. c4 (41. Qd3 $142) 41... Rxd4 {[%cal Rb5c4]} ({Not} 41... bxc4 42. Qd1 $17) 42. cxb5 $2 {[#]} (42. Ra1 Qb2 43. Rab1) 42... Rxc1 43. Rxc1 Qd2 44. Rc8+ Kg7 45. Rc7 Bh4+ $2 {[#]} (45... a2 46. Ra7 Qe1+ 47. Kh2 a1=Q 48. Rxa1 Qxa1) 46. Kh2 Qxf4+ 47. Qxf4 Rxf4 48. b6 a2 49. Ra7 {Black has a decisive advantage.} Bf2 50. Nd7 Rb4 51. Rxa2 Bxb6 {Accuracy: White = 30%, Black = 82%.} 0-1

[Event "19th Bangkok Open 2019"]
[Site "Bangkok"]
[Date "2019.04.09"]
[Round "4.12"]
[White "Villamayor, Buenaventura"]
[Black "Dhar-Barua, Saheli"]
[Result "1-0"]
[WhiteElo "2398"]
[BlackElo "2038"]
[Annotator "TA"]
[PlyCount "79"]
[EventDate "2019.04.06"]
[EventType "swiss"]
[EventCountry "THA"]
[SourceTitle "playchess.com"]
[Source "ChessBase"]
[SourceQuality "1"]

{[%evp 10,79,8,12,18,22,14,13,44,35,68,40,55,43,35,35,53,34,55,55,52,40,56,32,32,39,121,81,94,99,92,90,103,96,97,58,186,185,172,181,227,214,212,184,169,154,181,150,191,172,193,133,187,145,130,143,144,137,123,0,174,174,169,166,501,502,469,454,520,330,733,712]} 1. g3 f5 2. Bg2 Nf6 3. c4 g6 4. Nc3 Bg7 5. d3 d6 6. e4 c6 {A10: English Opening: Unusual Replies for Black} (6... fxe4 7. dxe4 O-O 8. Nge2 c5 9. O-O Nc6 10. h3 a6 11. Be3 e5 12. Nd5 Nd4 13. Nec3 b5 14. Nxf6+ Bxf6 15. cxb5 axb5 16. Nxb5 Nxb5 {0-1 (47) Le,Q (2714)-Anton Guijarro,D (2642) St Petersburg 2018}) 7. Nge2 e5 8. O-O Be6 {The position is equal.} 9. exf5 gxf5 10. Bg5 Nbd7 11. Qd2 $146 ({Predecessor:} 11. b4 h6 12. Bd2 O-O 13. b5 cxb5 14. Nxb5 Nc5 {1-0 (39) Dudyev,V-Kuznetsov,S Ukraine 2002}) 11... O-O 12. Rae1 Qe8 13. Bh6 Qg6 14. Bxg7 $1 Qxg7 15. f4 Qh6 16. Rd1 Rae8 17. b3 Nh5 ({Black should play} 17... Ng4 $14 18. h3 Ngf6) 18. fxe5 Qxd2 19. Rxd2 dxe5 20. d4 exd4 21. Nxd4 Nc5 22. Re2 {Hoping for Re5.} Bc8 (22... Ng7 $14) 23. Rxe8 $18 Rxe8 24. Nxf5 {Nd6 is the strong threat.} Re5 {[#]} 25. Nd6 $1 {[%cal Rd6c8]} Be6 26. Nce4 Nxe4 27. Nxe4 b6 28. Kf2 c5 29. Rd1 Kg7 30. Rd8 (30. Bf3 $18) 30... Bf5 (30... Nf6 $16) 31. Nc3 Nf6 {intending ...Ng4+.} 32. h3 h5 33. Ra8 Re7 34. Rd8 (34. Nb5 $16) 34... Nd7 $2 (34... Re5 $1 $11 {and Black stays safe.}) 35. Nd5 Rf7 36. Nf4 Bb1 $2 (36... Nf6 {is a better chance.} 37. Bf3 Rd7 38. Rxd7+ (38. Nxh5+ Nxh5 39. Rxd7+ Bxd7 $16) 38... Bxd7) 37. Bd5 Re7 38. Nxh5+ Kg6 39. Nf4+ Kf5 $2 {[#]} (39... Kh6 40. a3 Nf6) 40. Rxd7 $1 {Accuracy: White = 54%, Black = 19%.} 1-0

[Event "19th Bangkok Open 2019"]
[Site "Bangkok"]
[Date "2019.04.10"]
[Round "5.1"]
[White "Karthik Venkataraman"]
[Black "Gustafsson, Jan"]
[Result "0-1"]
[WhiteElo "2505"]
[BlackElo "2633"]
[Annotator "TA"]
[PlyCount "46"]
[EventDate "2019.04.06"]
[EventType "swiss"]
[EventCountry "THA"]
[SourceTitle "playchess.com"]
[Source "ChessBase"]
[SourceQuality "1"]

{[%evp 20,46,-24,-35,0,-20,-23,-20,-1,0,0,-40,-42,-41,-33,-47,-3,0,0,-25,0,0,51,39,25,43,45,-487,-482]} 1. Nf3 d5 2. b3 c5 3. e3 Nf6 4. Bb2 Nc6 5. Bb5 Bd7 6. O-O e6 7. d3 Be7 8. Nbd2 O-O 9. Bxc6 Bxc6 10. Ne5 {A06: Réti Opening:1 Nf3 d5} Be8 (10... Rc8 11. f4 Nd7 12. Qg4 Nxe5 13. Bxe5 g6 14. Bb2 Qd7 15. Nf3 f6 16. h4 Rf7 17. h5 Rg7 18. hxg6 hxg6 19. Kf2 d4 {½-½ (37) Teclaf,P (2384)-Sargsyan,S (2463) Porto Carras 2018}) 11. f4 {LiveBook: 3 Games} d4 12. e4 {The position is equal.} Nd7 13. Nef3 $146 ({Predecessor:} 13. Ndf3 Nxe5 14. fxe5 f6 15. Bc1 f5 16. Qe2 Bc6 17. Nd2 b5 18. b4 cxb4 {0-1 (25) Schiller,T (1884)-Nonnenmacher,T (2215) Pinneberg 2005}) 13... Rc8 14. a4 Nb8 15. b4 cxb4 16. Nxd4 Nc6 17. N4b3 f6 18. Nc4 Bf7 19. Qg4 e5 20. fxe5 Nxe5 (20... fxe5 $11 21. Nxe5 Qb6+ 22. Kh1 Nxe5 23. Bxe5 Qg6) 21. Nxe5 $14 fxe5 22. Bxe5 {[%csl Ge5][%cal Rg4g7]} Qb6+ 23. Rf2 $2 {[%mdl 8192] [#]} (23. Nd4 $14 {stays ahead.} Qg6 24. Qe2) 23... Qxf2+ $1 {[%mdl 512] Precision: White = 36%, Black = 45%.} 0-1

[Event "19th Bangkok Open 2019"]
[Site "Bangkok"]
[Date "2019.04.10"]
[Round "5.2"]
[White "Kunte, Abhijit"]
[Black "Short, Nigel D"]
[Result "0-1"]
[WhiteElo "2485"]
[BlackElo "2636"]
[Annotator "TA"]
[PlyCount "76"]
[EventDate "2019.04.06"]
[EventType "swiss"]
[EventCountry "THA"]
[SourceTitle "playchess.com"]
[Source "ChessBase"]
[SourceQuality "1"]

{[%evp 15,76,24,44,49,45,47,53,20,24,16,30,33,35,27,28,0,-12,-4,-21,-8,-6,-10,-8,-53,-61,-58,-69,-65,-50,-89,-83,-85,-83,-86,-87,-120,-22,-16,0,0,12,0,33,-69,-56,-171,-173,-162,-171,-355,-257,-399,-383,-452,-450,-445,-428,-689,-676,-641,-628,-29982,-29981]} 1. Nf3 d5 2. d4 Nf6 3. c4 e6 4. g3 dxc4 5. Bg2 a6 6. O-O Nc6 7. e3 Bd7 8. Qe2 b5 9. b3 {E04: Open Catalan: 5 Nf3} cxb3 10. axb3 Be7 11. Bd2 {[%mdl 1024] White is slightly better. White has compensation.} O-O 12. Rc1 Bd6 (12... Nb4 13. Ne5 Nfd5 14. Nc3 c6 15. Ne4 f6 16. Nxd7 Qxd7 17. Nc5 Bxc5 18. Rxc5 f5 19. Ra5 Qc7 20. Ra1 Qd7 21. Ra5 Qc7 22. Ra1 Qd7 {½-½ (22) So,W (2780)-Duda,J (2737) chess.com INT 2018}) 13. Ne1 $146 ({Predecessor:} 13. Nc3 e5 14. Nxb5 e4 15. Nxd6 cxd6 16. Ng5 d5 17. Rxa6 Rxa6 18. Qxa6 {½-½ (28) Velilla Velasco,F (2559)-Plomp,M (2541) ICCF email 2015}) 13... Qe8 $1 14. Nd3 e5 15. Bxc6 {[%mdl 64] Remove Defender} (15. Nxe5 {seems wilder.} Nxe5 16. Bxa8 Qxa8 17. dxe5 Bg4 18. Qf1) 15... Bxc6 {[#]} 16. Rxc6 $1 {[%mdl 512]} Qxc6 17. dxe5 {[#]} Bxe5 $1 {[%mdl 512]} 18. Nxe5 Qd5 $36 {[%mdl 2048] Black has the initiative.} 19. Nf3 (19. f4 {is interesting.} Ne4 20. b4 Rfd8 21. Be1 f6 22. Nf3) 19... Qxb3 20. Ba5 c5 21. Nbd2 Qe6 22. e4 Rfe8 {[%cal Rf6e4]} 23. e5 Nd7 {[%cal Rd7e5]} 24. Re1 f6 {[%cal Rd7e5]} 25. Bc3 h6 (25... Nxe5 $1 $17 26. Nxe5 b4) 26. Ne4 $1 $11 fxe5 27. Rd1 $1 Ra7 {[%cal Ba8a7,Ba7c7,Bc7c6][%mdl 32]} 28. Nh4 {Black must now prevent Rd6.} b4 29. Bd2 (29. Be1 $14) 29... Rc7 $1 $15 30. Be3 ({White should try} 30. Qh5 $15 Rb8 31. Be3) 30... Rc6 $1 $19 31. Qd2 {[#]} Re7 $1 32. Nd6 $2 (32. Ng2) 32... Nf8 33. f4 {[#]} (33. Ne4 $142 Rd7 34. Qe2) 33... Rd7 $1 {[%cal Rc6d6]} 34. fxe5 Qxe5 35. Nhf5 {intending Bf4.} Ne6 36. Bf4 (36. Kf2 $142) 36... Nxf4 37. gxf4 Qe6 38. Nxh6+ gxh6 {Accuracy: White = 45%, Black = 77%.} 0-1

[Event "19th Bangkok Open 2019"]
[Site "Bangkok"]
[Date "2019.04.10"]
[Round "5.3"]
[White "Lalith Babu M R"]
[Black "Villamayor, Buenaventura"]
[Result "1-0"]
[WhiteElo "2577"]
[BlackElo "2398"]
[Annotator "TA"]
[PlyCount "49"]
[EventDate "2019.04.06"]
[EventType "swiss"]
[EventCountry "THA"]
[SourceTitle "playchess.com"]
[Source "ChessBase"]
[SourceQuality "1"]

{[%evp 22,49,42,66,79,84,100,90,104,102,126,70,82,77,94,48,58,40,95,98,178,184,184,165,416,405,416,406,495,493]} 1. c4 e6 2. Nf3 d5 3. d4 Nf6 4. g3 dxc4 5. Bg2 c5 6. O-O Nc6 7. Qa4 cxd4 8. Nxd4 Qxd4 9. Bxc6+ Bd7 10. Rd1 Bxc6 11. Qxc6+ bxc6 12. Rxd4 Rb8 {E04: Open Catalan: 5 Nf3} (12... c5 13. Rxc4 Bd6 14. Nc3 Rb8 15. b3 Ke7 16. Ba3 Rhc8 17. Rd1 a6 18. f4 Nd7 19. Ne4 Rb6 20. Rc2 {1-0 (39) Bai,J (2594)-Xiang,Z (2423) Tianjin 2018}) 13. Rxc4 Kd7 14. Nd2 Nd5 $146 {White is better.} ({Predecessor:} 14... Bd6 15. Ra4 Rb7 16. Nb3 Kc7 17. Be3 Kb8 18. Na5 Rc7 19. Nc4 {1-0 (19) Meyer,S (2093)-Merkle,E (2160) Hessen 2014}) 15. e4 Nb6 16. Rd4+ (16. Rc2 $16) 16... Kc7 17. Nf3 {[#] Strongly threatening Bf4+.} Bd6 18. e5 Bc5 19. Rf4 {Threatens to win with b4.} Rbf8 (19... Rhf8 $14) 20. Bd2 $36 {[%mdl 2048] White is in control.} f6 (20... Be7 $16) 21. Rc1 $18 Be7 22. Rg4 fxe5 $2 {[#]} (22... Rhg8 23. Nd4 {[%mdl 64] Double Attack} Kd7) 23. Rxg7 Nd5 24. Nxe5 Kd6 25. Nf7+ 1-0

[Event "19th Bangkok Open 2019"]
[Site "Bangkok"]
[Date "2019.04.10"]
[Round "5.4"]
[White "Bellon Lopez, Juan Manuel"]
[Black "Sengupta, Deep"]
[Result "1/2-1/2"]
[WhiteElo "2343"]
[BlackElo "2551"]
[Annotator "TA"]
[PlyCount "68"]
[EventDate "2019.04.06"]
[EventType "swiss"]
[EventCountry "THA"]
[SourceTitle "playchess.com"]
[Source "ChessBase"]
[SourceQuality "1"]

{[%evp 19,68,24,22,23,17,0,4,10,13,-20,-6,0,0,-6,0,0,0,0,0,0,0,0,7,-4,0,-8,0,0,0,0,0,0,0,0,0,0,0,0,0,0,0,0,0,0,0,0,0,0,0,0,0]} 1. d4 d5 2. c4 e6 3. Nf3 c6 4. e3 Nf6 5. Nbd2 Nbd7 6. Bd3 Bd6 7. O-O O-O 8. e4 e5 9. exd5 cxd5 10. cxd5 exd4 11. Nc4 {D30: Queen's Gambit Declined: Systems without Nc3} Nb6 {[%cal Bd7b6,Bb6d5,Bd5f6][%mdl 32]} 12. Bg5 {The position is equal.} Nbxd5 13. Nxd6 Qxd6 14. Nxd4 Bg4 $146 ({Predecessor:} 14... Nf4 15. Bc4 Bh3 16. Ne2 Qxd1 17. Rfxd1 Nxe2+ 18. Bxe2 Ne4 {1-0 (41) Korobov,A (2694)-Vavra,P (2350) Czech Republic 2018}) 15. Be2 Bxe2 16. Nxe2 Qe5 17. Bxf6 Nxf6 18. Nc3 Rad8 19. Qf3 Qc7 20. Rad1 Qb6 21. Qe2 a6 22. h3 h6 23. Rxd8 Rxd8 24. Rd1 Rxd1+ 25. Nxd1 Qd4 26. Nc3 b5 27. a3 g6 28. Qf3 Kg7 29. Qc6 Qf4 30. Qxa6 Qc1+ {[%mdl 64] [#] Double Attack} 31. Kh2 Qf4+ 32. Kg1 Qc1+ {[%mdl 64] Double Attack} 33. Kh2 Qf4+ 34. Kg1 Qc1+ {[%mdl 64] Double Attack. Accuracy: White = 74%, Black = 55%.} 1/2-1/2

[Event "19th Bangkok Open 2019"]
[Site "Bangkok"]
[Date "2019.04.10"]
[Round "5.5"]
[White "Sriram, Jha"]
[Black "Zhao, Zong-Yuan"]
[Result "1/2-1/2"]
[WhiteElo "2381"]
[BlackElo "2529"]
[Annotator "TA"]
[PlyCount "33"]
[EventDate "2019.04.06"]
[EventType "swiss"]
[EventCountry "THA"]
[SourceTitle "playchess.com"]
[Source "ChessBase"]
[SourceQuality "1"]

{[%evp 11,33,18,16,5,31,32,26,15,22,-14,0,0,6,0,6,-22,-20,-19,-11,-18,0,0,37,-36]} 1. d4 Nf6 2. c4 e6 3. Nf3 d5 4. Nc3 Bb4 5. Qa4+ Nc6 6. e3 O-O 7. Qc2 {D38: Queen's Gambit Declined: Ragozin Defence (4 Nf3 Bb4)} Bd6 (7... Re8 8. Bd2 Bd6 9. h3 a6 10. a3 Bd7 11. Be2 dxc4 12. Bxc4 h6 13. g4 e5 14. g5 b5 {1-0 (36) Radjabov,T (2757)-Vidit,S (2695) Wijk aan Zee 2019}) 8. c5 Be7 9. a3 {White has an edge.} e5 10. b4 $146 ({Predecessor:} 10. dxe5 Ng4 11. b4 d4 12. Nb5 dxe3 13. Bxe3 Nxe3 14. fxe3 Bg4 {0-1 (58) Melkumyan,H (2642)-Piorun,K (2640) Heraklio 2017}) 10... e4 11. Nd2 Bf5 12. Be2 h5 13. f3 exf3 14. Qxf5 fxe2 15. Nxe2 Re8 16. O-O Bf8 17. Ng3 {Accuracy: White = 27%, Black = 28%.} (17. Qg5 $14) 1/2-1/2

[Event "19th Bangkok Open 2019"]
[Site "Bangkok"]
[Date "2019.04.10"]
[Round "5.6"]
[White "Neelash Saha"]
[Black "Stella, Andrea"]
[Result "1/2-1/2"]
[WhiteElo "2303"]
[BlackElo "2512"]
[Annotator "TA"]
[PlyCount "141"]
[EventDate "2019.04.06"]
[EventType "swiss"]
[EventCountry "THA"]
[SourceTitle "playchess.com"]
[Source "ChessBase"]
[SourceQuality "1"]

{[%evp 9,141,35,43,28,39,5,11,0,0,12,43,33,31,20,39,24,28,31,22,25,24,0,0,-17,-4,-3,-8,-17,51,21,14,31,29,13,19,12,47,45,62,60,60,43,43,43,43,45,45,45,45,45,45,45,41,41,59,53,60,62,60,52,52,52,52,52,52,0,52,55,71,71,71,71,71,71,79,79,79,79,79,79,89,78,91,78,91,78,96,89,89,89,97,97,101,89,101,101,101,101,101,101,101,101,101,101,101,101,101,101,101,101,101,0,101,101,131,97,97,97,97,97,97,97,97,97,97,97,97,97,115,97,97,-29974,-29974,-29966]} 1. d4 Nf6 2. c4 g6 3. Nf3 Bg7 4. e3 d5 5. cxd5 Nxd5 6. e4 {D70: Grünfeld: Unusual White 3rd moves (met by ...d5)} Nb6 7. a4 (7. Be2 O-O 8. O-O c5 9. d5 e6 10. Nc3 exd5 11. exd5 Bxc3 12. bxc3 Qxd5 {½-½ (87) Grischuk,A (2772)-Mamedyarov,S (2799) Riadh 2017}) 7... a5 8. Bb5+ {The position is equal.} c6 9. Be2 Bg4 $146 ({Predecessor:} 9... O-O 10. O-O Na6 11. Be3 Nb4 12. Nbd2 f5 {½-½ (36) Demian,V (2329)-Bokar,J (2577) ICCF email 2011}) 10. Nbd2 e5 11. dxe5 N8d7 12. h3 Bxf3 13. Nxf3 Nxe5 14. Qb3 Nxf3+ 15. Bxf3 Qd4 16. O-O {[#] Be3 is the strong threat.} Qb4 $1 {[%cal Rb4b3]} 17. Qc2 O-O 18. Ra2 Qc4 ({Better is} 18... Nd7 $11) 19. b3 Qxc2 20. Rxc2 Rfd8 21. Rd1 Rxd1+ 22. Bxd1 Rd8 23. Rd2 Bf6 24. Rxd8+ Bxd8 $14 {[%mdl 4096] Endgame KBB-KBN} 25. Be3 Kf8 26. Bg4 Ke7 27. Bc5+ Kf6 28. Bd4+ Ke7 29. Bxb6 Bxb6 {KB-KB} 30. Bc8 Kd6 31. Bxb7 g5 32. Kf1 Bd4 33. Ke2 c5 34. Bc8 Ke5 35. Bf5 h6 36. Bh7 Kf4 37. Bf5 Ke5 38. Kf3 Kf6 39. Kg3 Kg7 40. f3 Kf6 41. Kg4 Bf2 42. Kh5 Kg7 43. Bd7 Be1 44. Be8 Bd2 45. Bb5 Be3 46. Bc4 Bd2 47. Bd5 Be3 48. g3 f6 49. h4 Bf2 50. Kg4 Kg6 51. f4 gxf4 52. h5+ Kg7 53. gxf4 Bg1 54. Kf5 Bh2 55. e5 fxe5 56. fxe5 Bg3 57. Ke6 Bf4 58. Bc4 Bg3 59. Bb5 Bf4 60. Bc4 Bg3 $1 61. Kd5 Bf4 62. e6 Kf6 63. Kxc5 {aiming for b4.} Bd2 64. Kd5 Bb4 65. Bd3 Ba3 66. Bg6 Bb4 67. Bf7 Ba3 68. Kc6 Bb4 69. Kb5 Ke7 70. Be8 $2 {[%mdl 8192] [#]} (70. Kb6 $16) 70... Kxe8 71. Kc6 {[%mdl 32768] Accuracy: White = 67%, Black = 84%. . An unexpected result.} 1/2-1/2